Cine y derechos humanos : una aventura fílmica /
Gorde:
| Egile nagusia: | |
|---|---|
| Beste egile batzuk: | |
| Formatua: | Liburua |
| Hizkuntza: | gaztelania |
| Argitaratua: |
Medellín, Colombia :
Universidad Autónoma Latinoamericana,
2015, c2015
|
| Saila: | (Humanismo UNAULA)
|
| Gaiak: | |
| Etiketak: |
Etiketarik gabe, Izan zaitez lehena erregistro honi etiketa jartzen!
|
MARC
| LEADER | 00000nam^a2200000^a^4500 | ||
|---|---|---|---|
| 001 | 000391294 | ||
| 005 | 20250521000000.0 | ||
| 009 | 20260310121210.498 | ||
| 020 | |a 978-958-8869-15-5 | ||
| 037 | |a Acervo ITESO - Biblioteca | ||
| 041 | |a ESP | ||
| 082 | |a 302. 235322 |b AGU | ||
| 100 | |a Agudelo Ramírez, Martín |e (autor) | ||
| 245 | 1 | 0 | |a Cine y derechos humanos : |b una aventura fílmica / |c M. Agudelo Ramírez ; presen. de B. Rivaya. |
| 264 | 4 | |a Medellín, Colombia : |b Universidad Autónoma Latinoamericana, |c 2015, c2015 | |
| 300 | |a 294 p. | ||
| 336 | |a texto |b txt |2 rdacontenido | ||
| 337 | |a sin mediación |b n |2 rdamedio | ||
| 338 | |a volumen |b nc |2 rdasoporte | ||
| 440 | 1 | |a (Humanismo UNAULA) | |
| 649 | |a XX | ||
| 650 | |a Filósofos Alemanes | ||
| 650 | |a Cineastas Norteamericanos | ||
| 650 | |a Estado, El | ||
| 650 | |a Poder Político en el Cine - |x Historia y Crítica | ||
| 650 | |a Dignidad en el Cine - |x Historia y Crítica | ||
| 650 | |a Cine Jurídico - |x Historia y Crítica - |x Tema Principal | ||
| 650 | |a Cine Social y Político - |x Historia y Crítica | ||
| 650 | |a Westerns - |x Historia y Crítica | ||
| 650 | |a Derechos Humanos - |x Tema Principal | ||
| 650 | |a Derecho Procesal | ||
| 650 | |a Derecho Público | ||
| 650 | |a Etica | ||
| 650 | |a Criticismo - |x Historia y Crítica | ||
| 650 | |a Filosofía Alemana - |x Historia y Crítica | ||
| 650 | |a Comunicación y Derecho | ||
| 650 | |a Comunicación y Política | ||
| 650 | |a Sociología de la Comunicación | ||
| 650 | |a Berg, Peter | ||
| 650 | |a Kant, Immanuel | ||
| 700 | |a Rivaya, Benjamín |e (presentación) | ||
| 910 | |a Fondo General | ||
| 920 | |a Impresos - Libros | ||
| 930 | |a Colección General | ||
| 905 | |a 101 | ||
| 901 | |a 0500285952 |b IT1 |c ACC |i C153776 |u 20250521 | ||
| 902 | |a https://opac.biblio.iteso.mx/vufind/Record/000391294 | ||